00627nam a2200181 a 4500001001000000003000400010005001700014008004100031040002500072082002500097100001800122245008800140260004600228300002100274500007500295650002900370700004600399000033958OSt20250307073710.0110914s1939 ag 000 0 spa d aDO-SdBNPbspacBNPHU 4a465bA454g, 19392221 aAlonso, Amado10aGramática castellana :bsegundo curso /cAmado Alonso, Pedro Henríquez Ureña. aBuenos Aires, Argentina :bLosada,c1939. a239 p. ;c21 cm. aManual adaptado a los programas vigentes en la enseñanza secundaria. 4aEspañolx Gramática 1 aHenríquez Ureña, Pedro,d1884-1946